En busca de la fraternidad perdida : micro-relatos de una juventud abandonada que busca su identidad /

Uloženo v:
Podrobná bibliografie
Hlavní autor: González Candia, Jorge Atilano (autor)
Médium: Kniha
Jazyk:španělština
Vydáno: México : Centro de Reflexión Teológica : Colegio de Estudios Teológicos : Fomento Cultural y Educativo, 2002, c2002
Témata:
Tagy: Přidat tag
Žádné tagy, Buďte první, kdo vytvoří štítek k tomuto záznamu!

MARC

LEADER 00000nam^a2200000^a^4500
001 000392026
005 20250521000000.0
009 20260310121231.614
020 |a 968-5390-06-1 
037 |a Acervo Xavier Clavigero 
041 |a ESP 
082 |a 305. 23097283  |b GON 
100 |a González Candia, Jorge Atilano  |e (autor) 
245 1 0 |a En busca de la fraternidad perdida :  |b micro-relatos de una juventud abandonada que busca su identidad /  |c J.A. González Candia. 
264 4 |a México :  |b Centro de Reflexión Teológica :  |b Colegio de Estudios Teológicos :  |b Fomento Cultural y Educativo,  |c 2002, c2002 
300 |a 88 p. 
336 |a texto  |b txt  |2 rdacontenido 
337 |a sin mediación  |b n  |2 rdamedio 
338 |a volumen  |b nc  |2 rdasoporte 
649 |a XX 
650 |a Jóvenes -  |z Honduras -  |x Condiciones Sociales y Culturales -  |x Tema Principal 
650 |a Maras (Bandas) -  |z Honduras -  |x Condiciones Sociales y Culturales -  |x Tema Principal 
650 |a Bandas Juveniles -  |z Honduras -  |x Condiciones Sociales y Culturales 
650 |a Identidad Personal -  |z Honduras -  |x Tema Principal 
650 |a Soledad -  |z Honduras 
650 |a Violencia -  |z Honduras 
650 |a Marginación -  |z Honduras 
650 |a Desintegración Social -  |z Honduras 
650 |a Pertenencia Social -  |z Honduras 
650 |a Problemas Sociales -  |z Honduras 
650 |a Sociología 
910 |a Fondo General 
920 |a Impresos - Libros 
930 |a Colección General 
905 |a 101 
901 |a 0500286821  |b IT1  |c ACC  |i FXC D2652  |u 20250521 
902 |a https://opac.biblio.iteso.mx/vufind/Record/000392026